Corrupcin̤ administrativa

Detalles Bibliográficos
Autor principal: Bello Rengifo, Carlos Simn̤
Formato: eBook
Lenguaje:español
Publicado: Caracas: Revista Venezolana de Legislacin̤ y Jurisprudencia, 2022
Materias:
Acceso en línea:Acceso restringido

MARC

LEADER 00000nam a22000007a 4500
005 20220426223148.0
007 cr|||| ||||
008 220426s2022 ve |||||s|||| 00||0 spa d
020 |a 978-980-7561-16-7 
035 |a 36201 
040 |a vLex 
090 |c 13239  |d 13239 
100 1 |a Bello Rengifo, Carlos Simn̤ 
245 1 0 |a Corrupcin̤ administrativa  |h [Recurso electrn̤ico] /  |c Carlos Simn̤ Bello Rengifo 
256 |a Servicio en ln̕ea 
260 |a Caracas:  |b Revista Venezolana de Legislacin̤ y Jurisprudencia,  |c 2022 
300 |a 1 recurso electrn̤ico 
506 1 |a Disponible solo en los productos indicados  |d vLex Global  |d vLex Global (Academic Edition, excluding Law Schools)  |d vLex Global (U.S. Academic Edition, Law Schools)  |d vLex Global (U.S. Academic Edition, excluding Law Schools)  |d vLex Global (Academic Edition, Law Schools) 
650 0 4 |a Derecho Pb︢lico y Administrativo  |z Venezuela 
740 0 |a vLex Libros (Servicio en ln̕ea) 
856 4 0 |u https://app.vlex.com/#/sources/36201  |z Acceso restringido 
942 |c BOOK 
999 0 |a Public and Administrative Law